000 00663cam a2200181 i 4500
005 20251214101507.0
008 250721s2013 ua gr 000 0 ara d
020 _a9773410749
082 1 4 _a216.5
_bخ ل ا
100 1 _aخلاف، عبد الوهاب
_eمؤلف.
245 1 0 _aأحكام الأحوال الشخصية في الشريعة الإسلامية /
_cتأليف عبد الوهاب خلاف.
264 3 1 _aالقاهرة :
_bمكتبة الثقافة الدينية،
_c2013.
300 _a299 صفحة.
650 1 7 _aالفقه الاسلامي.
650 1 7 _aالاحوال المدنية.
942 _2ddc
_cBK
999 _c136409
_d136409